Top 10 most important and famous people from Louisiana - Statistics

General Stats
  • This quiz has been taken 55 times
  • The average score is 5 of 10
Answer Stats
Hint Answer % Correct
Trumpeter and vocalist, What a Wonderful World Louis Armstrong
97%
Pianist and singer, Great Balls Of Fire, Breathless Jerry Lee Lewis
74%
American football player, two times winner of Super Bowl with Indianapolis Colts and Denver Broncos Peyton Manning
55%
Basketball player of 1990s, he played in Utah Jazz, two times winner of NBA MVP award Karl Malone
52%
American football player of 1970s, 4 times winner of Super Bowl with Pittsburgh Steelers Terry Bradshaw
52%
Basketball player of 1960s, 11 times winner of NBA with Boston Celtics Bill Russell
48%
Pianist and singer, Blueberry Hill, Ain't that a shame Fats Domino
42%
Actress famous for her roles in Sweet Home Alabama and Cruel Intentions, winner of Academy Award in 2006 Reese Witherspoon
42%
Rapper, No Love, Sucker For Pain Lil Wayne
26%
Actor famous for his roles in Dallas Buyers Club and House of Gucci, winner of Academy Award in 2014 Jared Leto
16%
No matching quizzes found
Score Distribution
Percent of People with Each Score
Percentile by Number Answered
Your Score History
You have not taken this quiz